| 000 | 00372nam a2200145Ia 4500 | ||
|---|---|---|---|
| 008 | 210210b1974 xxu||||| |||| 00| 0 eng d | ||
| 082 | _a539.7 ENGI | ||
| 100 | _aENGE (Harald A). | ||
| 245 | _aIntroduction to nuclear physics. | ||
| 260 |
_aLondon _bAddison-Wesley _c1974 |
||
| 300 | _ax,582 | ||
| 650 | _aNuclear Physics | ||
| 690 | _aAtomic Physics | ||
| 906 | _aSG00297 | ||
| 999 |
_c111792 _d111792 |
||